Statistiken für Berühmte Menschen aus Sachsen-Anhalt

Klicken Sie hier um das Quiz zu spielen!

Allgemein

  • Dieses Quiz wurde 59 mal gespielt
  • Das Durchschnittsergebnis liegt bei 9 aus 20

Antwortstatistiken

HintAntwort% Korrekt
Wichtigster deutscher Reformator, schlug angeblich 95 Thesen an eine Kirchentür in WittenbergMartin Luther
100%
Komiker und Schauspieler: Nonstop-Nonsens (Palim-Palim), sang "Die Wanne ist voll", Hauptrolle in Honig im KopfDieter Hallervorden
87%
Fernsehmoderator: Nur die Liebe zählt, Wer weiß den sowas, Klein gegen groß, Zeig mir deine WeltKai Pflaume
87%
Band und Teeniephänomen: Durch den Monsun, Schrei, Rette mich, Der letzte Tag, Übers Ende der WeltTokio Hotel
75%
FDP-Chef von 74 bis 85, Außenminister 74-92, Innenminister 69-74, verkündigte 89 die Ausreisemöglichkeit aus der deutschen Botschaft in PragHans-Dietrich Genscher
73%
DDR-Bildungsministerin 63-89, Ehefrau des Staatsratsvorsitzenden, floh nach der Wende nach ChileMargot Honecker
69%
Philosoph: Also sprach Zarathustra, "Gott ist tot", Zur Genealogie der Moral, Die Geburt der Tragödie aus dem Geist der MusikFriedrich Nietzsche
63%
Barock-Komponist: Messias, Wassermusik, FeuerwerksmusikGeorg Friedrich Händel
62%
Fußballspieler: 1. FC Magdeburg (1966–1979), erzielte das Tor für die DDR gegen die BRD bei der WM 74Jürgen Sparwasser
58%
Aktuell amtierender Ministerpräsident Sachsen-Anhalts (CDU)Reiner Haseloff
46%
Erster Kaiser des Heiligen Römischen Reiches nach Karl dem Großen, machte Magdeburg zu seiner Residenz, besiegte die UngarnOtto I
40%
Freistil-Schwimmer, Weltmeister 2009 (400m und 200m), stellte 3 Weltrekorde auf, erster 200m-Schwimmer unter 1:40Paul Biedermann
35%
Physiker, demonstierte eindrucksvoll den Luftdruck mit seinen Magdeburger Halbkugeln, welche nicht getrennt werden konntenOtto von Guericke
33%
Komponist: Dreigroschenoper, Aufstieg und Fall der Stadt Mahagony, Die sieben Todsünden 1Kurt Weill
25%
Anführer der Bauern im großen Bauernkrieg, verfasste das Prager ManifestThomas Müntzer
25%
Mononymer Schriftsteller der Frühromantik: Hymnen an die Nacht, starb im Alter von 29 JahrenNovalis
19%
Regisseur: Sonnenallee, Herr Lehmann, NVA, Hotel Lux, Das PubertierLeander Haußmann
12%
Chanson-Sängerin: Das Spiel, Das Gefühl, Wer bin ich wirklich?, Drück die 1, Auf dich hab ich gewartetAnnett Louisan
10%
Grünen-Politiker, Fraktionsvorsitzender 02-09, Anwalt Andreas Baaders, Mitbegründer der TAZHans-Christian Ströbele
6%
Begründer der wissenschaftlichen Archäologie und Kunstgeschichte und des deutschen KlassizismussesJohann Joachim Winckelmann
2%

Verteilung der Resultate

Perzentil nach korrekt beantworteten Fragen

Anzahl Personen mit jedem Resultat

Ihre Resultats-Entwicklung

Sie haben dieses Quiz noch nicht gespielt